000 00773nab a2200241 u 4500
001 10650
003 HDC
007 cr bn ---aaaaa
008 210205c mydr|nes 0 a may d
040 _aHDC
245 0 _aTeh Karas mampu bantu tingkat tahap kesihatan /
260 _aKuala Lumpur :
_bBerita Harian,
_c2012
336 _atext
_2rdacontent
337 _acomputer
_2rdamedia
338 _aonline resource
_2rdacarrier
650 _aAgriculture industry
_92340
650 _aMedical term
_96944
710 _aBerita Harian
856 _zRequest full-text at [email protected]
942 _2lcc
942 _cNEWS
942 _kNWSC 0000374
999 _c7973
_d7973